000 00594nam a22001817a 4500
005 20260415152528.0
008 260415b |||||||| |||| 00| 0 eng d
020 _a978-81-203-1576-1
050 _aQD 631 .B 36 2024
100 _aBANERJI, SAMIR K
245 _aENVIRONMENTAL CHEMISTRY
250 _a2
260 _aDELHI,
_bPHI LEARNING PRIVATE LIMITED,
_c2024,
300 _aiX, 178 P, ILL
500 _aINCLUDES INDEX
650 _a1. Environmental chemistry-Textbooks 2. Pollution-Chemical aspects-Textbooks 3. Toxicology-Textbooks 4. Waste management-Textbooks
942 _2lcc
_cBK
999 _c216979
_d216979